[Event "Bergamo Province-ch"]
[Site "Bergamo"]
[Date "2006.10.13"]
[Round "2"]
[White "Elsido, Massimo"]
[Black "Valsecchi, Alessio"]
[Result "0-1"]
[WhiteElo "1790"]
[BlackElo "2030"]
[PlyCount "80"]
[EventDate "2006.10.06"]
[EventType "swiss"]
[EventRounds "9"]
[EventCountry "ITA"]
[SourceTitle "EXT 2011"]
[Source "ChessBase"]
[SourceDate "2010.11.26"]
[SourceVersion "1"]
[SourceVersionDate "2010.11.26"]
[SourceQuality "1"]

1. e4 e6 2. d4 d5 3. e5 c5 4. c3 Nc6 5. Nf3 Qb6 6. a3 a5 7. Qd3 c4 8. Qc2 a4 9. Nbd2 Bd7 10. Ng5 Na5 11. Nxh7 Be7 12. f4 Nh6 13. Nf3 Nf5 14. Nfg5 Nb3 15. Rb1 f6 16. g4 fxg5 17. gxf5 gxf4 18. f6 gxf6 19. Qg6+ Kd8 20. exf6 Bd6 21. f7 Kc7 22. Rg1 Nxc1 23. Qg8 Raxg8 24. fxg8Q Rxg8 25. Rxg8 Bxa3 26. Rg7 Bxb2 27. Kf2 a3 28. Nf8 Qd6 29. Rxd7+ Qxd7 30. Nxd7 Kxd7 31. h4 a2 32. Rxb2 a1Q 33. Rxb7+ Kc6 34. Rf7 Qb2+ 35. Kf3 Qxc3+ 36. Kxf4 Qxd4+ 37. Kg5 Nd3 38. Bxd3 cxd3 39. h5 d2 40. Rf1 d1Q 0-1

[Event "Bratto Gorgonzola op-B"]
[Site "Bratto"]
[Date "2006.08.26"]
[Round "7"]
[White "Brunelli, Giovanni"]
[Black "Elsido, Massimo"]
[Result "0-1"]
[WhiteElo "1882"]
[BlackElo "1742"]
[PlyCount "41"]
[EventDate "2006.08.20"]
[EventType "swiss"]
[EventRounds "8"]
[EventCountry "ITA"]
[SourceTitle "EXT 2008"]
[Source "ChessBase"]
[SourceDate "2007.11.25"]
[SourceVersion "1"]
[SourceVersionDate "2007.11.25"]
[SourceQuality "1"]

1. e4 e5 2. Nf3 Nc6 3. Bb5 a6 4. Ba4 Nf6 5. 0-0 b5 6. Bb3 Be7 7. Re1 0-0 8. c3 d6 9. h3 Na5 10. Bc2 c5 11. d4 cxd4 12. cxd4 Bb7 13. dxe5 dxe5 14. Qxd8 Rfxd8 15. Nxe5 Rac8 16. Bb3 Nxb3 17. axb3 Nxe4 18. Nc3 Bb4 19. Rf1 Nxc3 20. bxc3 Bxc3 21. Be3 0-1

[Event "Bergamo Province-ch"]
[Site "Bergamo"]
[Date "2004.10.29"]
[Round "4"]
[White "Bassis, Ivano"]
[Black "Elsido, Massimo"]
[Result "1-0"]
[WhiteElo "1841"]
[BlackElo "1667"]
[PlyCount "97"]
[EventDate "2004.10.08"]
[EventType "swiss"]
[EventRounds "8"]
[EventCountry "ITA"]
[SourceTitle "EXT 2023"]
[Source "ChessBase"]
[SourceDate "2022.10.05"]
[SourceVersion "1"]
[SourceVersionDate "2022.10.05"]
[SourceQuality "1"]

1. e4 e5 2. Nf3 Nc6 3. Bb5 a6 4. Bxc6 dxc6 5. 0-0 Bg4 6. h3 Bxf3 7. Qxf3 Qf6 8. Qg3 Bd6 9. d3 h6 10. Be3 g5 11. Nd2 0-0-0 12. Nb3 Ne7 13. Nc5 Bxc5 14. Bxc5 Ng6 15. Rad1 Nf4 16. Qf3 Kb8 17. Be3 h5 18. Bxf4 gxf4 19. g3 Rdg8 20. Kh2 fxg3+ 21. fxg3 Qg6 22. Rg1 Rg7 23. Rdf1 Rh6 24. Qf5 f6 25. Rf3 Qxf5 26. Rxf5 Rgg6 27. Rgf1 Kc8 28. R1f3 Kd7 29. Kg2 Ke6 30. Kf2 Rg5 31. Rxg5 fxg5 32. Rf8 Rf6+ 33. Rxf6+ Kxf6 34. b4 Ke6 35. Ke3 Kd6 36. d4 b6 37. Kd3 Ke6 38. c4 Kd6 39. g4 h4 40. c5+ Ke6 41. dxe5 Kxe5 42. Ke3 Ke6 43. Kd4 Kf6 44. e5+ Ke6 45. Ke4 a5 46. bxa5 bxa5 47. a4 Kf7 48. Kf5 Ke7 49. e6 1-0

[Event "Bergamo Province-ch"]
[Site "Bergamo"]
[Date "2003.11.08"]
[Round "6"]
[White "Salvi, Giampietro"]
[Black "Elsido, Massimo"]
[Result "1-0"]
[WhiteElo "1600"]
[BlackElo "1588"]
[PlyCount "71"]
[EventDate "2003.10.10"]
[EventType "swiss"]
[EventRounds "8"]
[EventCountry "ITA"]
[SourceTitle "EXT 2023"]
[Source "ChessBase"]
[SourceDate "2022.10.05"]
[SourceVersion "1"]
[SourceVersionDate "2022.10.05"]
[SourceQuality "1"]

1. e4 e5 2. Nf3 Nc6 3. Bb5 a6 4. Ba4 Nf6 5. 0-0 b5 6. Bb3 Be7 7. Re1 0-0 8. c3 d6 9. h3 Nb8 10. d4 Nbd7 11. d5 Nc5 12. Bc2 Ne8 13. b4 Na4 14. Bxa4 bxa4 15. Qxa4 f5 16. Nbd2 fxe4 17. Rxe4 Nf6 18. Re1 Nxd5 19. Qc6 Be6 20. Nxe5 Nf6 21. Nef3 Bd5 22. Qa4 h6 23. c4 Bb7 24. Nd4 Qc8 25. Rxe7 Nh5 26. Qd7 Qxd7 27. Rxd7 Rae8 28. N2f3 Nf4 29. Bxf4 Rxf4 30. Rxc7 Bxf3 31. Nxf3 d5 32. cxd5 Rxb4 33. d6 Rbb8 34. d7 Red8 35. Rac1 Kf7 36. Ne5+ 1-0

[Event "Crema op 05th"]
[Site "Crema"]
[Date "2003.09.07"]
[Round "5"]
[White "Elsido, Massimo"]
[Black "Albrizio, Mauro"]
[Result "0-1"]
[WhiteElo "1582"]
[BlackElo "1455"]
[PlyCount "94"]
[EventDate "2003.09.05"]
[EventType "swiss"]
[EventRounds "6"]
[EventCountry "ITA"]
[SourceTitle "EXT 2007"]
[Source "ChessBase"]
[SourceDate "2006.11.23"]
[SourceVersion "1"]
[SourceVersionDate "2006.11.23"]
[SourceQuality "1"]

1. e4 e6 2. d4 d5 3. Bd3 Nf6 4. e5 Nfd7 5. Nf3 c5 6. c3 Nc6 7. 0-0 Qb6 8. Bc2 cxd4 9. cxd4 Be7 10. Nc3 0-0 11. Qd3 f5 12. g4 Nb4 13. Qd1 Nxc2 14. Qxc2 fxg4 15. Na4 Qd8 16. Ne1 b6 17. Qe2 Rf5 18. Kh1 Nf8 19. Qxg4 Ng6 20. Rg1 Ba6 21. Nc3 Qf8 22. Be3 Rc8 23. Ne2 Bxe2 24. Qxe2 Bh4 25. Nd3 Rf3 26. Rac1 Rf7 27. Rxc8 Qxc8 28. Rc1 Qd8 29. Qc2 Bg5 30. Qc8 Be7 31. Qxe6 Nf8 32. Qg4 Qe8 33. Nf4 g6 34. Nxd5 Rf5 35. Rc8 Qd7 36. Nxe7+ Qxe7 37. Bh6 Qb7+ 38. Qg2 Qxc8 39. Qd5+ Ne6 40. Qd6 Rxf2 41. d5 Nf8 42. Qe7 Rf7 43. Qg5 Qh3 44. Qg1 Rf1 45. e6 Nxe6 46. dxe6 Rxg1+ 47. Kxg1 Qg4+ 0-1

[Event "Crema op 05th"]
[Site "Crema"]
[Date "2003.09.07"]
[Round "6"]
[White "Marchesotti, Giovanni"]
[Black "Elsido, Massimo"]
[Result "1/2-1/2"]
[WhiteElo "1501"]
[BlackElo "1582"]
[PlyCount "98"]
[EventDate "2003.09.05"]
[EventType "swiss"]
[EventRounds "6"]
[EventCountry "ITA"]
[SourceTitle "EXT 2007"]
[Source "ChessBase"]
[SourceDate "2006.11.23"]
[SourceVersion "1"]
[SourceVersionDate "2006.11.23"]
[SourceQuality "1"]

1. e4 e5 2. Nf3 Nc6 3. Bb5 a6 4. Ba4 Nf6 5. 0-0 b5 6. Bb3 Be7 7. Re1 d6 8. h3 0-0 9. c3 Nb8 10. d3 Nbd7 11. Be3 Bb7 12. Nbd2 c6 13. d4 c5 14. d5 c4 15. Bc2 Nc5 16. Bxc5 dxc5 17. Nxe5 Qc7 18. Ng4 Bc8 19. Nxf6+ Bxf6 20. Nf3 Be5 21. Nxe5 Qxe5 22. Qd2 Rd8 23. f4 Qd6 24. Bd1 Bb7 25. Bf3 Qd7 26. Rad1 Re8 27. Qf2 f6 28. Qxc5 Rac8 29. Qf2 Qd6 30. Qd2 Rc7 31. Bg4 Bc8 32. Bxc8 Rcxc8 33. Qf2 Rc7 34. Re2 Rce7 35. Rde1 h6 36. f5 Re5 37. g3 Kh7 38. Kg2 Kg8 39. Qd4 R8e7 40. Re3 Kf7 41. g4 Kg8 42. h4 Kf8 43. Kf3 Kg8 44. Qd2 Kh7 45. R3e2 Re8 46. Re3 R8e7 47. Qd4 Kg8 48. Ke2 Rd7 49. Kf3 Rde7 1/2-1/2

[Event "Bergamo Province-ch"]
[Site "Bergamo"]
[Date "2002.11.08"]
[Round "5"]
[White "Elsido, Massimo"]
[Black "Savoldelli, Dario"]
[Result "1-0"]
[WhiteElo "1585"]
[BlackElo "1800"]
[PlyCount "119"]
[EventDate "2002.10.04"]
[EventType "swiss"]
[EventRounds "8"]
[EventCountry "ITA"]
[SourceTitle "EXT 2024"]
[Source "ChessBase"]
[SourceDate "2023.10.10"]
[SourceVersion "1"]
[SourceVersionDate "2023.10.10"]
[SourceQuality "1"]

1. e4 c5 2. c3 d5 3. exd5 Qxd5 4. d4 cxd4 5. cxd4 Nc6 6. Nf3 e6 7. Nc3 Bb4 8. a3 Bxc3+ 9. bxc3 Nge7 10. Be2 Na5 11. 0-0 Ng6 12. Qa4+ Bd7 13. Qb4 Rc8 14. Bg5 f6 15. Be3 Rc7 16. Nd2 Nc6 17. Qb2 0-0 18. c4 Qf5 19. g4 Qa5 20. Nb3 Qa6 21. Nc5 Qb6 22. Qa2 Nd8 23. Nxd7 Rxd7 24. d5 Qd6 25. dxe6 Qxe6 26. Bxa7 Qe4 27. f3 Qf4 28. Rad1 Rxd1 29. Rxd1 Nc6 30. Bf2 Nce5 31. Kg2 f5 32. Bg3 Qg5 33. c5+ Kh8 34. Qd2 f4 35. Bf2 h5 36. h3 Nh4+ 37. Bxh4 Qxh4 38. Qe1 Qe7 39. Qb4 Qh4 40. Qe1 Qe7 41. Rd5 g6 42. Bb5 Nc6 43. Qxe7 Nxe7 44. Rd7 Nc6 45. Bxc6 bxc6 46. Rd6 Ra8 47. Rxc6 Kg7 48. gxh5 gxh5 49. Re6 Rxa3 50. c6 Rc3 51. Re7+ Kf6 52. Rh7 Kg6 53. Rc7 Kf6 54. Rc8 Kg7 55. c7 Kh7 56. Kf2 Rc2+ 57. Ke1 Rc3 58. Kd2 Rc6 59. Kd3 Rd6+ 60. Ke4 1-0

[Event "Bergamo Province-ch"]
[Site "Bergamo"]
[Date "2001.11.13"]
[Round "8"]
[White "Riggio, Mauro"]
[Black "Elsido, Massimo"]
[Result "1-0"]
[WhiteElo "1702"]
[BlackElo "1657"]
[PlyCount "61"]
[EventDate "2001.09.25"]
[EventType "swiss"]
[EventRounds "8"]
[EventCountry "ITA"]
[SourceTitle "EXT 2024"]
[Source "ChessBase"]
[SourceDate "2023.10.10"]
[SourceVersion "1"]
[SourceVersionDate "2023.10.10"]
[SourceQuality "1"]

1. e4 e5 2. Nf3 Nc6 3. d4 d6 4. dxe5 Nxe5 5. Nxe5 dxe5 6. Qxd8+ Kxd8 7. Bc4 f6 8. Ke2 Bd6 9. Nc3 Ne7 10. Nb5 a6 11. Nxd6 cxd6 12. Be3 Kc7 13. a4 a5 14. Ra3 b6 15. Rd1 Bb7 16. f3 Rhd8 17. Rb3 Nc8 18. Rdd3 Rb8 19. Be6 Ba6 20. Rbc3+ Kb7 21. Bd5+ Ka7 22. Rc7+ Rb7 23. Bxb7 Bxb7 24. Rxg7 Kb8 25. c4 h5 26. Rh7 Rg8 27. Kf2 Bc6 28. Rxh5 Bxa4 29. Rh7 b5 30. cxb5 Re8 31. Ra3 1-0

[Event "Bergamo Province-ch"]
[Site "Bergamo"]
[Date "2001.10.30"]
[Round "6"]
[White "Biava, Pierluigi"]
[Black "Elsido, Massimo"]
[Result "0-1"]
[WhiteElo "1525"]
[BlackElo "1657"]
[PlyCount "56"]
[EventDate "2001.09.25"]
[EventType "swiss"]
[EventRounds "8"]
[EventCountry "ITA"]
[SourceTitle "EXT 2024"]
[Source "ChessBase"]
[SourceDate "2023.10.10"]
[SourceVersion "1"]
[SourceVersionDate "2023.10.10"]
[SourceQuality "1"]

1. Nf3 Nf6 2. g3 g6 3. Bg2 Bg7 4. 0-0 0-0 5. c3 c5 6. d3 d6 7. e4 Nc6 8. h3 Rb8 9. a4 a6 10. Qe2 b5 11. Re1 e5 12. d4 cxd4 13. cxd4 exd4 14. axb5 axb5 15. Na3 Qb6 16. Bf4 Ne8 17. Qd2 Be5 18. Nxe5 dxe5 19. Bh6 Ng7 20. Bf1 f5 21. exf5 Bxf5 22. g4 Bd7 23. Bxb5 Rf3 24. Kg2 Rbf8 25. Rf1 Qb7 26. Be2 Na5 27. Bxf3 Qxf3+ 28. Kg1 Bc6 0-1

[Event "Bergamo Province-ch"]
[Site "Bergamo"]
[Date "2000.10.03"]
[Round "2"]
[White "Elsido, Massimo"]
[Black "Stefanelli, Alfredo"]
[Result "0-1"]
[WhiteElo "1603"]
[BlackElo "1696"]
[PlyCount "70"]
[EventDate "2000.09.26"]
[EventType "swiss"]
[EventRounds "6"]
[EventCountry "ITA"]
[SourceTitle "EXT 2024"]
[Source "ChessBase"]
[SourceDate "2023.10.10"]
[SourceVersion "1"]
[SourceVersionDate "2023.10.10"]
[SourceQuality "1"]

1. e4 c5 2. c3 d5 3. Bb5+ Bd7 4. Bxd7+ Qxd7 5. e5 Nc6 6. d4 cxd4 7. cxd4 e6 8. Nf3 Bb4+ 9. Bd2 Rc8 10. 0-0 Nge7 11. Bxb4 Nxb4 12. Nc3 0-0 13. Rc1 a6 14. a3 Nbc6 15. h4 Na5 16. h5 Nf5 17. g4 Nh6 18. g5 Nf5 19. g6 fxg6 20. hxg6 h6 21. Ne2 Nc4 22. Ng3 Nxg3 23. fxg3 Ne3 24. Qe2 Nxf1 25. Rxf1 Rf5 26. g4 Rf4 27. Qg2 Rcf8 28. g5 h5 29. Qh3 h4 30. Nh2 Rxf1+ 31. Nxf1 Qe8 32. Qxh4 Qxg6 33. Ng3 Qb1+ 34. Kh2 Rf2+ 35. Kh3 Qg1 0-1